[Event "DEM U16 2025"]
[Site "Willingen GER"]
[Date "2025.06.10"]
[Round "4"]
[White "Sauer, Tim"]
[Black "Lu, Yunong Elias"]
[Result "1-0"]
[Termination "normal"]
[Board "6"]
[WhiteElo "2181"]
[BlackElo "2072"]
[WhiteClock "00:00:43"]
[BlackClock "00:03:16"]
[PlyCount "125"]
[WhiteFideId "16265726"]
[BlackFideId "16276426"]
[EventCountry "GER"]
[EventRounds "9"]
[EventType "swiss"]
[EventDate "2025.06.07"]

1. d4 {[%clk 01:30:54]} {[%emt 00:00:05]} d5 {[%clk 01:30:55]} {[%emt
00:00:05]} 2. c4 {[%clk 01:31:17]} {[%emt 00:00:06]} e6 {[%clk 01:31:21]}
{[%emt 00:00:05]} 3. Nf3 {[%clk 01:31:38]} {[%emt 00:00:09]} a6 {[%clk
01:31:47]} {[%emt 00:00:05]} 4. cxd5 {[%clk 01:29:46]} {[%emt 00:02:22]} exd5
{[%clk 01:32:11]} {[%emt 00:00:05]} 5. Nc3 {[%clk 01:29:32]} {[%emt 00:00:44]}
Be7 {[%clk 01:32:35]} {[%emt 00:00:06]} 6. Qc2 {[%clk 01:29:18]} {[%emt
00:00:43]} Nf6 {[%clk 01:32:53]} {[%emt 00:00:12]} 7. Bg5 {[%clk 01:29:03]}
{[%emt 00:00:46]} O-O {[%clk 01:32:56]} {[%emt 00:00:27]} 8. e3 {[%clk
01:29:04]} {[%emt 00:00:30]} c6 {[%clk 01:33:05]} {[%emt 00:00:21]} 9. Bd3
{[%clk 01:28:40]} {[%emt 00:00:54]} h6 {[%clk 01:33:28]} {[%emt 00:00:08]} 10.
Bh4 {[%clk 01:28:58]} {[%emt 00:00:11]} Re8 {[%clk 01:33:52]} {[%emt 00:00:06]}
11. O-O {[%clk 01:27:59]} {[%emt 00:01:29]} Ne4 {[%clk 01:32:24]} {[%emt
00:01:58]} 12. Bxe4 {[%clk 01:26:45]} {[%emt 00:01:44]} Bxh4 {[%clk 01:32:10]}
{[%emt 00:00:45]} 13. Bh7+ {[%clk 01:26:45]} {[%emt 00:00:29]} Kh8 {[%clk
01:30:35]} {[%emt 00:02:05]} 14. Nxh4 {[%clk 01:26:36]} {[%emt 00:00:39]} Qxh4
{[%clk 01:30:59]} {[%emt 00:00:05]} 15. Bd3 {[%clk 01:26:36]} {[%emt 00:00:31]}
Nd7 {[%clk 01:28:10]} {[%emt 00:03:19]} 16. Rae1 {[%clk 01:14:21]} {[%emt
00:12:45]} Nf6 {[%clk 01:11:56]} {[%emt 00:16:44]} 17. f3 {[%clk 00:51:10]}
{[%emt 00:23:41]} Be6 {[%clk 01:05:15]} {[%emt 00:07:11]} 18. Qf2 {[%clk
00:36:46]} {[%emt 00:14:54]} Qxf2+ {[%clk 01:04:51]} {[%emt 00:00:54]} 19. Kxf2
{[%clk 00:36:58]} {[%emt 00:00:17]} Rad8 {[%clk 01:04:40]} {[%emt 00:00:42]}
20. Rc1 {[%clk 00:36:03]} {[%emt 00:01:25]} g6 {[%clk 01:02:14]} {[%emt
00:02:55]} 21. Rc2 {[%clk 00:33:19]} {[%emt 00:03:14]} Kg7 {[%clk 00:59:02]}
{[%emt 00:03:42]} 22. Na4 {[%clk 00:28:27]} {[%emt 00:05:23]} Nd7 {[%clk
00:57:33]} {[%emt 00:01:58]} 23. b4 {[%clk 00:16:48]} {[%emt 00:12:10]} f5
{[%clk 00:54:41]} {[%emt 00:03:22]} 24. Rfc1 {[%clk 00:08:58]} {[%emt
00:08:20]} Re7 {[%clk 00:51:19]} {[%emt 00:03:52]} 25. Bf1 {[%clk 00:08:09]}
{[%emt 00:01:18]} Rde8 {[%clk 00:50:55]} {[%emt 00:00:55]} 26. Nb2 {[%clk
00:06:05]} {[%emt 00:02:34]} Nb6 {[%clk 00:48:13]} {[%emt 00:03:13]} 27. a4
{[%clk 00:04:43]} {[%emt 00:01:51]} Bd7 {[%clk 00:43:50]} {[%emt 00:04:53]} 28.
Rc3 {[%clk 00:03:37]} {[%emt 00:01:36]} Kf6 {[%clk 00:42:22]} {[%emt 00:01:58]}
29. Ra3 {[%clk 00:02:23]} {[%emt 00:01:44]} g5 {[%clk 00:41:50]} {[%emt
00:01:02]} 30. Nd1 {[%clk 00:00:47]} {[%emt 00:02:07]} Nc8 {[%clk 00:40:22]}
{[%emt 00:01:58]} 31. b5 {[%clk 00:00:33]} {[%emt 00:00:44]} axb5 {[%clk
00:34:35]} {[%emt 00:06:18]} 32. axb5 {[%clk 00:00:59]} {[%emt 00:00:04]} Nd6
{[%clk 00:34:13]} {[%emt 00:00:51]} 33. bxc6 {[%clk 00:01:24]} {[%emt
00:00:05]} bxc6 {[%clk 00:33:46]} {[%emt 00:00:57]} 34. g3 {[%clk 00:00:38]}
{[%emt 00:01:15]} Rb8 {[%clk 00:28:31]} {[%emt 00:05:45]} 35. Bd3 {[%clk
00:00:32]} {[%emt 00:00:37]} Rb4 {[%clk 00:27:03]} {[%emt 00:01:57]} 36. Rb1
{[%clk 00:00:34]} {[%emt 00:00:29]} Rxb1 {[%clk 00:27:23]} {[%emt 00:00:10]}
37. Bxb1 {[%clk 00:01:00]} {[%emt 00:00:04]} Be8 {[%clk 00:23:12]} {[%emt
00:04:40]} 38. Bd3 {[%clk 00:01:06]} {[%emt 00:00:25]} Rb7 {[%clk 00:22:56]}
{[%emt 00:00:46]} 39. Ra2 {[%clk 00:00:52]} {[%emt 00:00:42]} Rb3 {[%clk
00:22:04]} {[%emt 00:01:23]} 40. Bc2 {[%clk 00:00:43]} {[%emt 00:00:39]} Rb8
{[%clk 00:21:05]} {[%emt 00:01:28]} 41. Ke2 {[%clk 00:14:05]} {[%emt 00:17:09]}
Nb5 {[%clk 00:43:07]} {[%emt 00:08:29]} 42. Ra6 {[%clk 00:08:38]} {[%emt
00:05:57]} Nc7 {[%clk 00:36:49]} {[%emt 00:06:48]} 43. Ra7 {[%clk 00:07:28]}
{[%emt 00:01:38]} Nb5 {[%clk 00:34:16]} {[%emt 00:03:05]} 44. Ra6 {[%clk
00:07:27]} {[%emt 00:00:31]} Nc7 {[%clk 00:34:41]} {[%emt 00:00:06]} 45. Ra5
{[%clk 00:07:19]} {[%emt 00:00:37]} Ra8 {[%clk 00:30:52]} {[%emt 00:04:19]} 46.
Rxa8 {[%clk 00:07:17]} {[%emt 00:00:32]} Nxa8 {[%clk 00:31:17]} {[%emt
00:00:05]} 47. Nb2 {[%clk 00:05:45]} {[%emt 00:02:03]} Nc7 {[%clk 00:30:12]}
{[%emt 00:01:35]} 48. Ba4 {[%clk 00:03:20]} {[%emt 00:02:55]} Ne6 {[%clk
00:23:23]} {[%emt 00:07:19]} 49. Nd3 {[%clk 00:03:23]} {[%emt 00:00:27]} Ke7
{[%clk 00:23:19]} {[%emt 00:00:31]} 50. f4 {[%clk 00:01:12]} {[%emt 00:02:44]}
Kd6 {[%clk 00:21:17]} {[%emt 00:02:31]} 51. Ne5 {[%clk 00:00:38]} {[%emt
00:01:05]} Bh5+ {[%clk 00:21:18]} {[%emt 00:00:29]} 52. Kd2 {[%clk 00:00:43]}
{[%emt 00:00:25]} c5 {[%clk 00:21:23]} {[%emt 00:00:26]} 53. dxc5+ {[%clk
00:00:50]} {[%emt 00:00:22]} Nxc5 {[%clk 00:20:08]} {[%emt 00:01:45]} 54. Bc2
{[%clk 00:01:07]} {[%emt 00:00:12]} Ke6 {[%clk 00:19:27]} {[%emt 00:01:11]} 55.
Kc3 {[%clk 00:00:44]} {[%emt 00:00:54]} gxf4 {[%clk 00:14:59]} {[%emt
00:04:58]} 56. gxf4 {[%clk 00:00:39]} {[%emt 00:00:34]} Be8 {[%clk 00:09:47]}
{[%emt 00:05:42]} 57. Kd4 {[%clk 00:00:36]} {[%emt 00:00:33]} Nd7 {[%clk
00:04:32]} {[%emt 00:05:46]} 58. Nd3 {[%clk 00:00:34]} {[%emt 00:00:31]} Bh5
{[%clk 00:04:12]} {[%emt 00:00:49]} 59. Bb3 {[%clk 00:00:33]} {[%emt 00:00:33]}
Bf3 {[%clk 00:04:33]} {[%emt 00:00:07]} 60. Nb4 {[%clk 00:00:36]} {[%emt
00:00:28]} Nf6 {[%clk 00:04:14]} {[%emt 00:00:50]} 61. Bc2 {[%clk 00:00:34]}
{[%emt 00:00:32]} Nd7 {[%clk 00:03:36]} {[%emt 00:01:08]} 62. Na6 {[%clk
00:00:37]} {[%emt 00:00:26]} Be4 {[%clk 00:03:16]} {[%emt 00:00:51]} 63. Bxe4
{[%clk 00:00:43]} {[%emt 00:00:24]} 1-0

[Event "DEM U16 2025"]
[Site "Willingen GER"]
[Date "2025.06.10"]
[Round "4"]
[White "Fruth, David"]
[Black "Jahnz, Laurin"]
[Result "0-1"]
[Termination "normal"]
[Board "7"]
[BlackTitle "CM"]
[WhiteElo "2131"]
[BlackElo "2221"]
[WhiteClock "00:22:49"]
[BlackClock "00:02:46"]
[PlyCount "98"]
[WhiteFideId "16257596"]
[BlackFideId "16261089"]
[EventCountry "GER"]
[EventRounds "9"]
[EventType "swiss"]
[EventDate "2025.06.07"]

1. e4 {[%clk 01:30:57]} {[%emt 00:00:02]} c5 {[%clk 01:30:58]} {[%emt
00:00:03]} 2. Nf3 {[%clk 01:31:22]} {[%emt 00:00:06]} Nc6 {[%clk 01:31:24]}
{[%emt 00:00:03]} 3. d4 {[%clk 01:31:47]} {[%emt 00:00:04]} cxd4 {[%clk
01:31:50]} {[%emt 00:00:04]} 4. Nxd4 {[%clk 01:32:10]} {[%emt 00:00:08]} Nf6
{[%clk 01:32:16]} {[%emt 00:00:04]} 5. Nc3 {[%clk 01:32:35]} {[%emt 00:00:05]}
e5 {[%clk 01:32:41]} {[%emt 00:00:04]} 6. Ndb5 {[%emt 00:00:06]} d6 {[%clk
01:33:03]} {[%emt 00:00:06]} 7. Bg5 {[%clk 01:33:29]} {[%emt 00:00:03]} a6
{[%clk 01:33:29]} {[%emt 00:00:04]} 8. Na3 {[%clk 01:33:54]} {[%emt 00:00:06]}
b5 {[%clk 01:33:55]} {[%emt 00:00:03]} 9. Bxf6 {[%clk 01:34:19]} {[%emt
00:00:05]} gxf6 {[%clk 01:34:20]} {[%emt 00:00:05]} 10. Nd5 {[%clk 01:34:44]}
{[%emt 00:00:05]} f5 {[%clk 01:34:45]} {[%emt 00:00:05]} 11. Bd3 {[%clk
01:35:10]} {[%emt 00:00:04]} Be6 {[%clk 01:35:09]} {[%emt 00:00:06]} 12. O-O
{[%clk 01:35:34]} {[%emt 00:00:05]} Bxd5 {[%clk 01:35:27]} {[%emt 00:00:12]}
13. exd5 {[%clk 01:36:02]} {[%emt 00:00:02]} Ne7 {[%clk 01:35:52]} {[%emt
00:00:06]} 14. Re1 {[%clk 01:36:04]} {[%emt 00:00:28]} Bg7 {[%clk 01:35:40]}
{[%emt 00:00:41]} 15. c3 {[%clk 01:36:25]} {[%emt 00:00:09]} O-O {[%clk
01:34:39]} {[%emt 00:01:32]} 16. Qh5 {[%clk 01:36:48]} {[%emt 00:00:07]} e4
{[%clk 01:33:15]} {[%emt 00:01:53]} 17. Bf1 {[%clk 01:37:08]} {[%emt 00:00:10]}
Rc8 {[%clk 01:29:40]} {[%emt 00:04:06]} 18. Nc2 {[%clk 01:36:40]} {[%emt
00:00:58]} Rc5 {[%clk 01:23:02]} {[%emt 00:07:08]} 19. Rad1 {[%clk 01:33:12]}
{[%emt 00:03:58]} Nxd5 {[%clk 01:10:25]} {[%emt 00:13:06]} 20. Qxf5 {[%clk
01:28:34]} {[%emt 00:05:09]} Nf6 {[%clk 01:10:34]} {[%emt 00:00:21]} 21. Qf4
{[%clk 01:22:58]} {[%emt 00:06:06]} Re5 {[%clk 01:06:34]} {[%emt 00:04:30]} 22.
Qxe5 {[%clk 01:07:13]} {[%emt 00:16:14]} dxe5 {[%clk 01:06:59]} {[%emt
00:00:05]} 23. Rxd8 {[%clk 01:07:38]} {[%emt 00:00:06]} Rxd8 {[%clk 01:07:26]}
{[%emt 00:00:02]} 24. Ne3 {[%clk 01:05:59]} {[%emt 00:02:10]} Bf8 {[%clk
01:03:34]} {[%emt 00:04:22]} 25. Rd1 {[%clk 00:52:52]} {[%emt 00:13:37]} Rxd1
{[%clk 01:00:16]} {[%emt 00:03:47]} 26. Nxd1 {[%clk 00:53:20]} {[%emt
00:00:03]} Bc5 {[%clk 00:59:19]} {[%emt 00:01:26]} 27. b4 {[%clk 00:52:53]}
{[%emt 00:00:57]} Bb6 {[%clk 00:57:58]} {[%emt 00:01:52]} 28. a4 {[%clk
00:40:41]} {[%emt 00:12:42]} bxa4 {[%clk 00:49:06]} {[%emt 00:09:22]} 29. Bxa6
{[%clk 00:40:50]} {[%emt 00:00:21]} a3 {[%clk 00:43:49]} {[%emt 00:05:46]} 30.
Bc4 {[%clk 00:40:36]} {[%emt 00:00:44]} Ng4 {[%clk 00:41:56]} {[%emt 00:02:23]}
31. g3 {[%clk 00:31:12]} {[%emt 00:09:54]} Kf8 {[%clk 00:22:59]} {[%emt
00:19:27]} 32. Kg2 {[%clk 00:29:27]} {[%emt 00:02:15]} Bxf2 {[%clk 00:18:03]}
{[%emt 00:05:26]} 33. h3 {[%clk 00:26:01]} {[%emt 00:03:56]} Ne3+ {[%clk
00:09:15]} {[%emt 00:09:18]} 34. Nxe3 {[%clk 00:26:15]} {[%emt 00:00:16]} Bxe3
{[%clk 00:09:44]} 35. b5 {[%clk 00:25:51]} {[%emt 00:00:55]} Ke7 {[%clk
00:09:52]} {[%emt 00:00:22]} 36. g4 {[%clk 00:25:53]} {[%emt 00:00:27]} f6
{[%clk 00:09:23]} {[%emt 00:00:59]} 37. Kf1 {[%clk 00:25:43]} {[%emt 00:00:40]}
Kd6 {[%clk 00:09:36]} {[%emt 00:00:17]} 38. Ke2 {[%clk 00:26:07]} {[%emt
00:00:06]} Bb6 {[%clk 00:09:56]} {[%emt 00:00:10]} 39. Bg8 {[%clk 00:23:45]}
{[%emt 00:02:52]} Bc5 {[%clk 00:08:42]} {[%emt 00:01:44]} 40. Kd2 {[%clk
00:23:47]} {[%emt 00:00:28]} Kc7 {[%clk 00:07:10]} {[%emt 00:02:03]} 41. Kc2
{[%clk 00:24:03]} {[%emt 00:00:13]} e3 {[%clk 00:07:28]} {[%emt 00:00:12]} 42.
Kd3 {[%clk 00:24:04]} {[%emt 00:00:29]} Kb6 {[%clk 00:07:53]} {[%emt 00:00:05]}
43. Bc4 {[%clk 00:23:47]} {[%emt 00:00:47]} Kc7 {[%clk 00:05:46]} {[%emt
00:02:37]} 44. Bg8 {[%clk 00:24:03]} {[%emt 00:00:14]} Kd6 {[%clk 00:04:39]}
{[%emt 00:01:38]} 45. Bc4 {[%clk 00:21:35]} {[%emt 00:02:58]} e4+ {[%clk
00:01:53]} {[%emt 00:03:15]} 46. Kc2 {[%clk 00:21:40]} {[%emt 00:00:25]} Ke5
{[%clk 00:02:01]} {[%emt 00:00:22]} 47. Kb3 {[%clk 00:22:00]} {[%emt 00:00:10]}
Kf4 {[%clk 00:01:52]} {[%emt 00:00:39]} 48. b6 {[%clk 00:22:23]} {[%emt
00:00:07]} Bxb6 {[%clk 00:02:19]} {[%emt 00:00:03]} 49. Kxa3 {[%clk 00:22:49]}
{[%emt 00:00:04]} Kf3 {[%clk 00:02:46]} {[%emt 00:00:03]} 0-1

[Event "DEM U16 2025"]
[Site "Willingen GER"]
[Date "2025.06.10"]
[Round "4"]
[White "Steger, Lukas Daniel"]
[Black "Mester, Philipp"]
[Result "0-1"]
[Termination "normal"]
[Board "8"]
[WhiteElo "2135"]
[BlackElo "2162"]
[WhiteClock "00:00:52"]
[BlackClock "00:03:59"]
[PlyCount "120"]
[WhiteFideId "3335151"]
[BlackFideId "34624902"]
[EventCountry "GER"]
[EventRounds "9"]
[EventType "swiss"]
[EventDate "2025.06.07"]

1. e4 {[%clk 01:30:57]} {[%emt 00:00:01]} e5 {[%clk 01:30:57]} {[%emt
00:00:03]} 2. Nf3 {[%clk 01:31:19]} {[%emt 00:00:08]} Nc6 {[%clk 01:31:24]}
{[%emt 00:00:04]} 3. Bb5 {[%clk 01:31:42]} {[%emt 00:00:07]} a6 {[%clk
01:31:49]} {[%emt 00:00:05]} 4. Ba4 {[%clk 01:32:06]} {[%emt 00:00:06]} Nge7
{[%clk 01:32:14]} {[%emt 00:00:05]} 5. O-O {[%clk 01:20:39]} {[%emt 00:11:57]}
g6 {[%clk 01:31:14]} {[%emt 00:01:31]} 6. d4 {[%clk 01:00:58]} {[%emt
00:20:10]} exd4 {[%clk 01:31:16]} {[%emt 00:00:29]} 7. Nxd4 {[%clk 01:01:16]}
{[%emt 00:00:11]} Bg7 {[%clk 01:30:56]} {[%emt 00:00:51]} 8. Be3 {[%clk
01:00:54]} {[%emt 00:00:51]} b5 {[%clk 01:29:06]} {[%emt 00:02:21]} 9. Bb3
{[%clk 00:59:23]} {[%emt 00:02:01]} Na5 {[%clk 01:24:36]} {[%emt 00:05:00]} 10.
c3 {[%clk 00:53:17]} {[%emt 00:06:36]} Nxb3 {[%clk 01:17:42]} {[%emt 00:07:24]}
11. Nxb3 {[%clk 00:49:39]} {[%emt 00:04:06]} O-O {[%clk 01:14:08]} {[%emt
00:04:06]} 12. Bd4 {[%clk 00:43:26]} {[%emt 00:06:42]} d6 {[%clk 01:09:11]}
{[%emt 00:05:26]} 13. Bxg7 {[%clk 00:41:31]} {[%emt 00:02:25]} Kxg7 {[%clk
01:07:53]} {[%emt 00:01:48]} 14. a4 {[%clk 00:38:59]} {[%emt 00:03:02]} bxa4
{[%clk 01:01:30]} {[%emt 00:06:55]} 15. Rxa4 {[%clk 00:37:57]} {[%emt
00:01:31]} Bd7 {[%clk 01:01:17]} {[%emt 00:00:43]} 16. Ra3 {[%clk 00:36:49]}
{[%emt 00:01:38]} Nc6 {[%clk 00:54:54]} {[%emt 00:06:53]} 17. N1d2 {[%clk
00:33:52]} {[%emt 00:03:26]} Ne5 {[%clk 00:46:44]} {[%emt 00:08:41]} 18. f4
{[%clk 00:26:09]} {[%emt 00:08:12]} Bg4 {[%clk 00:38:27]} {[%emt 00:08:48]} 19.
Qc2 {[%clk 00:23:27]} {[%emt 00:03:12]} Nc6 {[%clk 00:37:09]} {[%emt 00:01:48]}
20. h3 {[%clk 00:22:01]} {[%emt 00:01:55]} Bc8 {[%clk 00:36:39]} {[%emt
00:01:01]} 21. Nf3 {[%clk 00:16:35]} {[%emt 00:05:56]} Re8 {[%clk 00:35:43]}
{[%emt 00:01:27]} 22. Re1 {[%clk 00:13:56]} {[%emt 00:03:08]} Qf6 {[%clk
00:34:47]} {[%emt 00:01:25]} 23. Qd2 {[%clk 00:13:36]} {[%emt 00:00:51]} Rb8
{[%clk 00:29:41]} {[%emt 00:05:37]} 24. Nc1 {[%clk 00:11:23]} {[%emt 00:02:42]}
Bb7 {[%clk 00:28:55]} {[%emt 00:01:16]} 25. Nd3 {[%clk 00:11:17]} {[%emt
00:00:36]} Rbd8 {[%clk 00:27:41]} {[%emt 00:01:44]} 26. Nf2 {[%clk 00:10:37]}
{[%emt 00:01:09]} Qe6 {[%clk 00:20:36]} {[%emt 00:07:36]} 27. Ng5 {[%clk
00:09:26]} {[%emt 00:01:41]} Qc4 {[%clk 00:17:38]} {[%emt 00:03:29]} 28. Kh2
{[%clk 00:07:49]} {[%emt 00:02:06]} h6 {[%clk 00:14:55]} {[%emt 00:03:13]} 29.
Nf3 {[%clk 00:08:02]} {[%emt 00:00:16]} f5 {[%clk 00:12:55]} {[%emt 00:02:30]}
30. b3 {[%clk 00:05:45]} {[%emt 00:02:47]} Qf7 {[%clk 00:12:27]} {[%emt
00:00:58]} 31. exf5 {[%clk 00:05:02]} {[%emt 00:01:13]} Qxf5 {[%clk 00:12:05]}
{[%emt 00:00:53]} 32. Ra4 {[%clk 00:04:52]} {[%emt 00:00:40]} Qf7 {[%clk
00:11:43]} {[%emt 00:00:52]} 33. Raa1 {[%clk 00:03:29]} {[%emt 00:01:54]} Rxe1
{[%clk 00:09:22]} {[%emt 00:02:50]} 34. Rxe1 {[%clk 00:03:42]} {[%emt
00:00:16]} Rf8 {[%clk 00:06:54]} {[%emt 00:02:58]} 35. Nd4 {[%clk 00:02:31]}
{[%emt 00:01:41]} Nxd4 {[%clk 00:07:00]} {[%emt 00:00:24]} 36. Qxd4+ {[%clk
00:02:57]} {[%emt 00:00:04]} Qf6 {[%clk 00:07:22]} {[%emt 00:00:08]} 37. Re7+
{[%clk 00:02:20]} {[%emt 00:01:06]} Rf7 {[%clk 00:07:32]} {[%emt 00:00:20]} 38.
Rxf7+ {[%clk 00:02:37]} {[%emt 00:00:14]} Kxf7 {[%clk 00:07:55]} {[%emt
00:00:07]} 39. Qc4+ {[%clk 00:02:37]} {[%emt 00:00:31]} Kf8 {[%clk 00:07:15]}
{[%emt 00:01:09]} 40. Ng4 {[%clk 00:01:01]} {[%emt 00:02:05]} Qg7 {[%clk
00:03:33]} {[%emt 00:04:13]} 41. Qb4 {[%clk 00:22:28]} {[%emt 00:09:04]} Bc6
{[%clk 00:28:34]} {[%emt 00:05:29]} 42. Qc4 {[%clk 00:18:16]} {[%emt 00:04:42]}
Bb5 {[%clk 00:24:53]} {[%emt 00:04:11]} 43. Qe4 {[%clk 00:13:46]} {[%emt
00:04:59]} h5 {[%clk 00:23:25]} {[%emt 00:01:59]} 44. Nf2 {[%clk 00:13:49]}
{[%emt 00:00:26]} Qxc3 {[%clk 00:18:43]} {[%emt 00:05:13]} 45. Qxg6 {[%clk
00:13:47]} {[%emt 00:00:32]} Qxb3 {[%clk 00:18:48]} {[%emt 00:00:26]} 46. Qxh5
{[%clk 00:13:04]} {[%emt 00:01:13]} Qf7 {[%clk 00:18:18]} {[%emt 00:01:00]} 47.
Qg5 {[%clk 00:12:04]} {[%emt 00:01:29]} Qe7 {[%clk 00:18:16]} {[%emt 00:00:32]}
48. Qf5+ {[%clk 00:09:59]} {[%emt 00:02:35]} Qf7 {[%clk 00:16:21]} {[%emt
00:02:25]} 49. Qc8+ {[%clk 00:09:01]} {[%emt 00:01:28]} Kg7 {[%clk 00:16:46]}
{[%emt 00:00:05]} 50. Qg4+ {[%clk 00:08:59]} {[%emt 00:00:32]} Qg6 {[%clk
00:16:40]} {[%emt 00:00:36]} 51. Qf3 {[%clk 00:09:00]} {[%emt 00:00:28]} Bd7
{[%clk 00:11:09]} {[%emt 00:06:02]} 52. g4 {[%clk 00:08:24]} {[%emt 00:01:06]}
a5 {[%clk 00:09:56]} {[%emt 00:01:43]} 53. h4 {[%clk 00:06:02]} {[%emt
00:02:51]} a4 {[%clk 00:09:17]} {[%emt 00:01:10]} 54. h5 {[%clk 00:06:12]}
{[%emt 00:00:19]} Qc2 {[%clk 00:05:52]} {[%emt 00:03:55]} 55. g5 {[%clk
00:04:57]} {[%emt 00:01:45]} a3 {[%clk 00:05:47]} {[%emt 00:00:36]} 56. Qe3
{[%clk 00:03:59]} {[%emt 00:01:28]} Kf8 {[%clk 00:03:46]} {[%emt 00:02:31]} 57.
Qd4 {[%clk 00:02:28]} {[%emt 00:02:01]} Qb2 {[%clk 00:03:54]} {[%emt 00:00:22]}
58. Qa7 {[%clk 00:01:14]} {[%emt 00:01:43]} a2 {[%clk 00:03:51]} {[%emt
00:00:34]} 59. h6 {[%clk 00:00:32]} {[%emt 00:01:12]} a1=Q {[%clk 00:04:03]}
{[%emt 00:00:17]} 60. Qe3 {[%clk 00:00:52]} {[%emt 00:00:11]} Qf1 {[%clk
00:03:59]} {[%emt 00:00:33]} 0-1

[Event "DEM U16 2025"]
[Site "Willingen GER"]
[Date "2025.06.10"]
[Round "4"]
[White "Nönnig, Jakob"]
[Black "Zomartova, Ilya"]
[Result "1-0"]
[Termination "normal"]
[Board "9"]
[WhiteElo "2096"]
[BlackElo "1962"]
[WhiteClock "00:34:47"]
[BlackClock "00:36:27"]
[PlyCount "60"]
[WhiteFideId "16289447"]
[BlackFideId "13630946"]
[EventCountry "GER"]
[EventRounds "9"]
[EventType "swiss"]
[EventDate "2025.06.07"]

1. e4 {[%clk 01:30:58]} c5 {[%clk 01:30:56]} {[%emt 00:00:05]} 2. Nf3 {[%clk
01:31:17]} {[%emt 00:00:10]} Nc6 {[%clk 01:31:15]} {[%emt 00:00:12]} 3. d4
{[%clk 01:31:41]} {[%emt 00:00:06]} cxd4 {[%clk 01:31:37]} {[%emt 00:00:08]} 4.
Nxd4 {[%clk 01:32:05]} {[%emt 00:00:05]} Nf6 {[%clk 01:31:59]} {[%emt
00:00:09]} 5. Nc3 {[%clk 01:32:27]} {[%emt 00:00:09]} e5 {[%clk 01:32:24]}
{[%emt 00:00:04]} 6. Ndb5 {[%clk 01:32:43]} {[%emt 00:00:14]} d6 {[%clk
01:32:36]} {[%emt 00:00:18]} 7. Bg5 {[%clk 01:33:02]} {[%emt 00:00:11]} a6
{[%clk 01:32:56]} {[%emt 00:00:09]} 8. Na3 {[%clk 01:33:26]} {[%emt 00:00:06]}
b5 {[%clk 01:33:21]} {[%emt 00:00:06]} 9. Bxf6 {[%clk 01:33:42]} {[%emt
00:00:14]} gxf6 {[%clk 01:33:42]} {[%emt 00:00:09]} 10. Nd5 {[%clk 01:34:03]}
{[%emt 00:00:09]} f5 {[%clk 01:34:03]} {[%emt 00:00:08]} 11. c3 {[%clk
01:34:27]} {[%emt 00:00:07]} Bg7 {[%clk 01:34:26]} {[%emt 00:00:07]} 12. exf5
{[%clk 01:34:50]} {[%emt 00:00:07]} Bxf5 {[%clk 01:34:46]} {[%emt 00:00:10]}
13. Nc2 {[%clk 01:35:14]} {[%emt 00:00:07]} O-O {[%clk 01:35:01]} {[%emt
00:00:14]} 14. Nce3 {[%clk 01:35:37]} {[%emt 00:00:06]} Be6 {[%clk 01:35:23]}
{[%emt 00:00:08]} 15. Bd3 {[%clk 01:36:00]} {[%emt 00:00:08]} f5 {[%clk
01:35:41]} {[%emt 00:00:12]} 16. O-O {[%clk 01:36:19]} {[%emt 00:00:11]} e4
{[%clk 01:34:25]} {[%emt 00:01:47]} 17. Nf4 {[%clk 01:36:02]} {[%emt 00:00:46]}
Bf7 {[%clk 01:30:39]} {[%emt 00:04:16]} 18. Bc2 {[%clk 01:34:16]} {[%emt
00:02:16]} Be5 {[%clk 01:17:50]} {[%emt 00:13:19]} 19. Nfd5 {[%clk 01:09:42]}
{[%emt 00:25:04]} Qg5 {[%clk 01:04:06]} {[%emt 00:14:12]} 20. f4 {[%clk
01:06:38]} {[%emt 00:03:35]} exf3 {[%clk 01:02:24]} {[%emt 00:02:13]} 21. Qxf3
{[%clk 01:06:18]} {[%emt 00:00:49]} Bh5 {[%clk 00:59:52]} {[%emt 00:03:03]} 22.
Qh3 {[%clk 00:57:24]} {[%emt 00:09:24]} f4 {[%clk 00:55:47]} {[%emt 00:04:35]}
23. Nf5 {[%clk 00:54:55]} {[%emt 00:02:59]} Bg6 {[%clk 00:47:09]} {[%emt
00:09:08]} 24. Nh6+ {[%clk 00:49:08]} {[%emt 00:06:17]} Kg7 {[%clk 00:45:42]}
{[%emt 00:01:58]} 25. Nc7 {[%clk 00:43:38]} {[%emt 00:06:00]} Rf6 {[%clk
00:40:53]} {[%emt 00:05:17]} 26. Bxg6 {[%clk 00:36:56]} {[%emt 00:07:13]} Rxg6
{[%clk 00:38:25]} {[%emt 00:02:57]} 27. Nf5+ {[%clk 00:35:50]} {[%emt
00:01:36]} Kf6 {[%clk 00:37:22]} {[%emt 00:01:34]} 28. Nh4 {[%clk 00:34:47]}
{[%emt 00:01:33]} Rh6 {[%clk 00:36:27]} {[%emt 00:01:25]} 29. Qe6+ {[%emt
00:00:23]} Rg6 {[%emt 00:00:02]} 30. Qh3 Qg4 {[%emt 00:00:05]} 1-0